Представление документа в формате RUSMARC

ПолеНазваниеЗначение
  Тип записи a
  Библиографический уровень m
001 Контрольный номер UONB/MAIN/eb164eaae7a745e0bbad49aadb95dd14
005 Дата корректировки 20260427164210.2
010 Индекс ISBN __
b Уточнения в пер.
d Цена 3 р. 30 к.
9 Тираж 2000 экз.
100 Данные общей обработки __
a Данные общей обработки 20250321d1985 u y0rusy0189## ca
101 Язык документа 0_
a Язык текста rus
102 Страна публикации __
a Страна публикации RU
105 Кодированные данные (монография) __
a Кодированные данные (монография) a z 001yy
200 Заглавие и сведения об ответственности 1_
a Заглавие Художественные памятники и проблемы культуры Востока
e Сведения, относящиеся к заглавию сб. статей
f Первые сведения об ответственности Гос. Эрмитаж
g Последующие сведения об ответственности науч. ред. В. Г. Луконин
203 Вид содержания и тип средства __
a Вид содержания Текст
b Характеристика содержания визуальный
c Тип средства непосредственный
210 Выходные данные 1_
a Место издания Ленинград
c Издательство Искусство, Ленинградское отделение
d Дата издания 1985
215 Физическое описание __
a Объем 208, [5] с.
c Иллюстрации/тип воспроизводства ил.
d Формат 24 см
320 Библиография __
a Библиография Библиогр.: с. 209-210, библиогр. в примеч. в конце ст.
606 Тематические рубрики 0_
a Основная рубрика Декоративно-прикладное искусство народов Востока
610 Ключевые слова 0_
a Ключевые слова декоративно-прикладное искусство народов Востока; декоративно-прикладное искусство; художественные памятники Востока; культура Востока
686 Индексы других классификаций __
a Классификационный индекс 85.103(5)
2 Код системы rubbk
702 Вторичная интеллектуальная ответственность _1
a Фамилия Луконин
b Имя (инициалы) В. Г.
4 Код отношения 340
712 Наименование организации (Вторичная ответственность) 02
a Организация/ юрисдикция Государственный Эрмитаж
4 Код отношения 570
801 Источник записи _0
a Страна RU
b Организация Ульяновская ОНБ
c Дата составления 20250321
g Правила каталогизации RCR
801 Источник записи _1
a Страна RU
b Организация Ульяновская ОНБ
c Дата составления 20250321
g Правила каталогизации RCR
901 Тип документа __
t Тип документа m
909 Создатель записи __
a Создатель записи Редникина
b Дата создания записи 20250321